000 01360cam a2200409 4500
001 22685
003 SK-KTurca
005 20260415153513.0
008 210624s2018 xo o gr 010 fdslo
015 _aSNBA2019/07
020 _a9788055158549
_q(viazané)
035 _aE08B9B0D-F6C8-49B1-9BEF-3D4E80541908
035 _aurn:nbn:sk:snk-am3id95
035 _aurn:nbn:sk:snk-am00e45p
040 _aTTKJF
_bslo
_dTTKJF
_dSNK
_erda
041 1 _aslo
_heng
044 _axo
_cSK
072 7 _a821.111-3
_xAnglická próza, anglicky písaná
_2konspekt
080 _a821.111-31
_22011
080 _a(0:82-312.4)
_22011
100 1 _aTremayne, S. K.,
_d1963-
_4aut
240 1 4 _aThe Fire Child
_lSlovensky
245 1 0 _aDieťa ohňa
_cS. K. Tremayne ; preložila Tamara Chovanová
264 1 _aBratislava
_bIkar
_c2018
300 _a357 strán
_bfotografie
_c21 cm
336 _atext
_btxt
_2rdacontent
337 _abez média
_bn
_2rdamedia
338 _azväzok
_bnc
_2rdacarrier
500 _aObsahuje biografické údaje o autorovi na prebale publikácie
655 7 _aanglické romány
_2SNKPH
655 7 _atrilery (romány)
_2SNKPH
655 7 _aEnglish fiction
_2SNKPHeng
655 7 _aThrillers (novels)
_2SNKPHeng
700 1 _aChovanová, Tamara,
_d1953-
_4trl
700 1 _aKantorová-Báliková, Jana,
_d1951-
_4trl
942 _2ddc
_cKLDO
_n0
999 _c22685
_d22685